Κατάλογος Βιβλιοθηκών Mediterranean College

Business Economics (Record no. 2808)

MARC details
000 -LEADER
fixed length control field 01437cam a22002054a 4500
005 - ΗΜΕΡΟΜΗΝΙΑ ΚΑΙ ΩΡΑ ΤΕΛΕΥΤΑΙΑΣ ΕΝΗΜΕΡΩΣΗΣ
Πεδίο ελέγχου 20250605164054.0
008 - FIXED-LENGTH DATA ELEMENTS--GENERAL INFORMATION
Πεδίο ελέγχου σταθερού μήκους 250528s ||||||||||||||||||||||||d
035 ## - SYSTEM CONTROL NUMBER
System control number 17385
020 ## - ISBN
ISBN 20140351
040 ## - ΠΗΓΗ ΚΑΤΑΛΟΓΟΓΡΑΦΗΣΗΣ
Φορέας πρωτότυπης καταλογογράφησης MC Athens Campus Library
Γλώσσα καταλογογράφησης Ελληνικά, Μοντέρνα (1453-)
Modifying agency MC Athens Campus Library
Κανόνες περιγραφικής καταλογογράφησης AACR2
245 1# - ΤΙΤΛΟΣ ΚΑΙ ΔΗΛΩΣΗ ΥΠΕΥΘΥΝΟΤΗΤΑΣ
Τίτλος Business Economics
260 ## - PUBLICATION, DISTRIBUTION, ETC.
Name of publisher, distributor, etc. Financial Times - Prentice Hall,
Date of publication, distribution, etc. 1998
300 ## - PHYSICAL DESCRIPTION
Extent 480
520 ## - SUMMARY, ETC.
Summary, etc. This book brings out the relevance of economics to the business activity. Preface, Acknowledgements, Firms, Firms and their Objectives, The Internal Organization of Firms, Production and Costs, Firm's Costs, Size of Firms, How Firms Grow, Markets, Demand and Supply, Markets and Market Failure, Government Intervention in Markets, Industrial Structure, Monopoly and Competition, Firms' Strategies in Different Market Structures, Competition Policy, Privatization, Multinational Enterprises, Labor, Wages and Employment, Intervention in the Labor Market, Economics of Personnel and Training, Money, Money Creation and Control, Finance for Firms, Investment Appraisal, Running the Economy, The Measurement and Determination of National Income, Management of the Economy, Inflation and its Effects on Firms, The International Environment, International Trade, The Balance of Payments and Exchange Rates, The European Union, Glossary, Index.
700 1# - ΠΡΟΣΘΕΤΗ ΑΝΑΓΡΑΦΗ--ΦΥΣΙΚΟ ΠΡΟΣΩΠΟ
Personal name Atkinson Brian
9 (RLIN) 3540
700 1# - ΠΡΟΣΘΕΤΗ ΑΝΑΓΡΑΦΗ--ΦΥΣΙΚΟ ΠΡΟΣΩΠΟ
Personal name Miller Robin
9 (RLIN) 3541
942 ## - ADDED ENTRY ELEMENTS (KOHA)
Koha item type Books
Holdings
Τύπος τεκμηρίου Βιβλιοθήκη Τρέχουσα τοποθεσία Barcode Αριθμός εισαγωγής Ημερομηνία απόκτησης Ταξιθετικό σύμβολο Αριθμός αντιτύπου Κατάσταση απόσυρσης Κατάσταση χαμένου Κατάσταση κατεστραμμένου Μη δανεισμός Σύνολο δανεισμών Ημερομηνία τελευταίας εμφάνισης Η τιμή ισχύει από
Books MC Athens Campus Library MC Athens Campus Library 9780000028075 1076 05/06/2025 338.5024658 ATK 2           05/06/2025 05/06/2025

MC Athens Campus Library
Πατησίων 94 & Κοδριγκτώνος 13, 104 34
Πελλήνης 8 & Πατησίων 107, 112 51
Τ: +30 210 8899600

MC Thessaloniki Campus Library
Ίωνος Δραγούμη 21, 54625 | Ίωνος Δραγούμη 15, 54625
Τ: +30 2310 287779 – Τ: +30 2314 440300